000 00299nam a22001337a 4500
008 170531b xxu||||| |||| 00| 0 eng d
020 _a020694882600400000000013
041 _aeng
080 _a93
100 _a17
101 _ashh
245 _aA HISTORY OF BRITAIN
_cSCHAMA, S
942 _2udc
_cBK
999 _c15103
_d15103